01196 2200361 4500001002100000005001500021035002000036007000300056008004100059020002200100040002200122082001500144084001700159090002100176090002100197100004500218245012900263250003200392300004500424500005500469650003000524700003800554700002700592850001200619041001300631504002900644264004500673336002100718337003000739338002300769999002100792990002100813INLIS00000000084943020190715081812 a0010-0719000431ta190715s2019 yoia g ind d a978-602-0770-90-1 aYOPDYOGbinderda04223a492.78 a492.78 SHO m aDEP 492.78 SHO m aCB-D.11 2019-8840 aShofia Trianing Indarti,d1991-epenulis10aMudahnya belajar percakapan & tata Bahasa Arab /cpenulis, Shofia Trianing Indarti, Sahara Ramadhani; penyunting, Sony Adams aCetakan pertama, April 2019 a228 halaman :bilustrasi, tabel ;c20 cm aTeks terdiri dari Bahasa Indonesia dan Bahasa Arab 4aBahasa Arab--xPercakapan0 aSahara Ramadhani,d1992-epenulis0 aSony Adamsepenyunting aYOPDYOG0 aindhara aBibliografi: halaman 22531aYogyakarta :bPusat Kajian Bahasa,c2019 2rdacontentateks 2rdamediaatanpa perantara 2rdacarrieravolume aCB-D.11/2019-884 aCB-D.11/2019-884